00717nam a22001572 4500001001100000005001700011008004100028020000800069040001500077245028300092260002700375300001100402650004300413650005000456710005300506000000893020151217155836.0080619s xx 000 0 eng d cKES aKABUcKABU10aBudget analysis, monitoring and impact assessment from gender perspective :ba training report of a workshop held at the Great Rift Valley Lodge, Naivasha, Kenya from September 4th to 8th 2005 /cprepared by Institute for Economic Affairs (IEA) Kenya and ABANTU for Development. aNairobi :bIEA,c2006. a90 p. 0aBudgetvCongresseszKenya.@0000159737 0aWomen xGovernment policyzKenya.@00001597382 aInstitute of Economic Affairs-Kenya.@0000159412